| 000 | 00527nam a2200157Ia 4500 | ||
|---|---|---|---|
| 008 | 170221s9999 xx 000 0 und d | ||
| 100 | _aXiongli Rui | ||
| 245 | _aEnergy-Efficient Cross-Layer Double Cooperative MAC for Wireless Sensor Networks | ||
| 245 | _cXiongli Rui, Xuehong Cao, Jie Yang, and Rui Chen | ||
| 260 | _bJournal of Communications | ||
| 260 | _c2015 | ||
| 300 | _aXIII : 1 | ||
| 650 | _xCommunication | ||
| 650 | _xMedia Arts | ||
| 856 | _uhttp://www.jocm.us/index.php?m=content&c=index&a=lists&catid=167 | ||
| 999 |
_c308702 _d308702 |
||